State of the countryside 2003 (Record no. 72639)

MARC details
000 -LEADER
fixed length control field 01048cam a2200217 4500
001 - CONTROL NUMBER
control field WB3917-16
008 - FIXED-LENGTH DATA ELEMENTS--GENERAL INFORMATION
fixed length control field 030508n2003 000 0 eng u
035 ## - SYSTEM CONTROL NUMBER
System control number (Sirsi) u122220
245 ## - TITLE STATEMENT
Title State of the countryside 2003
260 ## - PUBLICATION, DISTRIBUTION, ETC.
Date of publication, distribution, etc. 2003
490 ## - SERIES STATEMENT
Series statement Countryside Agency Press Release
Volume/sequential designation (16/2003) 7 May 2003 (2)
520 ## - SUMMARY, ETC.
Summary, etc. Countryside Agency's fifth annual "State of the countryside" report reveals that more than 90% of people, both rural and urban, want to maintain the countryside as it is. However the report shows that the English countryside continues to change and rural areas could lose out as the digital divide widens between town and country. http://www.gnn.gov.uk/gnn/national.nsf/Daily+News/4E746B50CF9EA5A480256D1F00572EDD?opendocument Report is available at www.countryside.gov.uk/stateofthecountryside.
590 ## - LOCAL NOTE (RLIN)
Local note WB
650 ## - SUBJECT ADDED ENTRY--TOPICAL TERM
Topical term or geographic name entry element COUNTRYSIDE AGENCY
650 ## - SUBJECT ADDED ENTRY--TOPICAL TERM
Topical term or geographic name entry element RESEARCH PAPERS
650 ## - SUBJECT ADDED ENTRY--TOPICAL TERM
Topical term or geographic name entry element DIGITAL TECHNOLOGY
650 ## - SUBJECT ADDED ENTRY--TOPICAL TERM
Topical term or geographic name entry element RURAL ECONOMY
650 ## - SUBJECT ADDED ENTRY--TOPICAL TERM
Topical term or geographic name entry element ECONOMIC ANALYSIS
690 ## - LOCAL SUBJECT ADDED ENTRY--TOPICAL TERM (OCLC, RLIN)
Topical term or geographic name as entry element Rural
9 (RLIN) 6268
942 ## - ADDED ENTRY ELEMENTS (KOHA)
Suppress in OPAC 0
Holdings
Withdrawn status Lost status Source of classification or shelving scheme Damaged status Not for loan Home library Current library Shelving location Date acquired Total Checkouts Full call number Barcode Date last seen Copy number Price effective from Koha item type
    Dewey Decimal Classification     London London News article 08/05/2003   WB3917-16 122220-1001 06/08/2019 1 06/08/2019 News article